00338pab a2200133 454500008004000000100002200040245006400062260000900126300001300135362001200148650001100160650001200171773002100183180718b2014 xxu||||| |||| 00| 0 eng d aBandi, Madhusudan aForest rights act: Towards the end of struggle for tribals? c2014 ap.63-81. aJan-Feb aTribes aForests aSocial Scientist